[Event "SVK-chT1W 2223"]
[Site "Slovakia"]
[Date "2023.02.05"]
[Round "9.8"]
[White "Koloditsova, Renata"]
[Black "Hudec, Timotej"]
[Result "1-0"]
[WhiteElo "1881"]
[BlackElo "1778"]
[PlyCount "33"]
[EventDate "2022.10.15"]
[EventType "team-tourn"]
[EventRounds "11"]
[EventCountry "SVK"]
[SourceTitle "EXT 2024"]
[Source "ChessBase"]
[SourceDate "2023.10.10"]
[SourceVersion "1"]
[SourceVersionDate "2023.10.10"]
[SourceQuality "1"]
[WhiteTeam "Gabcikovo MSK"]
[BlackTeam "Bratislava Slovan III"]
[WhiteTeamCountry "SVK"]
[BlackTeamCountry "SVK"]

1. d4 d5 2. c4 c6 3. cxd5 cxd5 4. Bf4 e6 5. Nc3 Bd6 6. Bg3 Nf6 7. e3 0-0 8. Bd3 Nc6 9. Nf3 a6 10. a3 Qe7 11. 0-0 e5 12. dxe5 Nxe5 13. Be2 Rd8 14. Nxd5 Nxd5 15. Qxd5 Be6 16. Qe4 Bd5 17. Qxd5 1-0

[Event "SVK-ch op"]
[Site "Banska Stiavnica"]
[Date "2015.07.08"]
[Round "5"]
[White "Galbavy, Dusan"]
[Black "Hudec, Timotej"]
[Result "1-0"]
[WhiteElo "1943"]
[BlackElo "1685"]
[PlyCount "43"]
[EventDate "2015.07.04"]
[EventType "swiss"]
[EventRounds "9"]
[EventCountry "SVK"]
[SourceTitle "CBM 167 Extra"]
[Source "ChessBase"]
[SourceDate "2015.09.14"]
[SourceVersion "1"]
[SourceVersionDate "2015.09.14"]
[SourceQuality "1"]

1. e4 e5 2. f4 exf4 3. Nf3 g5 4. h4 g4 5. Ne5 h5 6. Bc4 Nh6 7. d4 d6 8. Nd3 Bg7 9. Nxf4 Ng8 10. Nc3 c6 11. Be3 Qe7 12. Qd3 Bd7 13. g3 b5 14. Bb3 Na6 15. a3 Nc7 16. 0-0 Nf6 17. Rae1 Be6 18. d5 Bd7 19. e5 dxe5 20. d6 Qf8 21. dxc7 Nd5 22. Nfxd5 1-0

[Event "SVK-ch op"]
[Site "Banska Stiavnica"]
[Date "2015.07.05"]
[Round "2"]
[White "Hudec, Timotej"]
[Black "Chovan, Milan"]
[Result "0-1"]
[WhiteElo "1685"]
[BlackElo "2172"]
[PlyCount "70"]
[EventDate "2015.07.04"]
[EventType "swiss"]
[EventRounds "9"]
[EventCountry "SVK"]
[SourceTitle "CBM 167 Extra"]
[Source "ChessBase"]
[SourceDate "2015.09.14"]
[SourceVersion "1"]
[SourceVersionDate "2015.09.14"]
[SourceQuality "1"]

1. d4 Nf6 2. c4 g6 3. Nc3 d5 4. e3 Bg7 5. Nf3 0-0 6. Bd3 c5 7. cxd5 Nxd5 8. Bc4 Nb6 9. Bb3 Qc7 10. dxc5 Qxc5 11. Bd2 Nc6 12. Qe2 Bg4 13. h3 Bxf3 14. Qxf3 Ne5 15. Qe2 Nbc4 16. f4 Nxd2 17. fxe5 Nxb3 18. axb3 Bxe5 19. 0-0 Rad8 20. Na4 Qb4 21. Qc4 Qd2 22. Qc1 Qe2 23. Rf2 Qh5 24. Qc2 Qg5 25. Rf3 Bb8 26. Raf1 Qe5 27. g4 Rd3 28. Re1 Rfd8 29. Re2 Rd1+ 30. Rf1 Qg3+ 31. Rg2 Qxe3+ 32. Rgf2 Bg3 33. Kg2 R1d2 34. Qc5 Rxf2+ 35. Rxf2 Bxf2 0-1

[Event "SVK-ch op"]
[Site "Banska Stiavnica"]
[Date "2013.07.14"]
[Round "9"]
[White "Durica, Adam"]
[Black "Hudec, Timotej"]
[Result "1/2-1/2"]
[WhiteElo "1450"]
[BlackElo "1644"]
[PlyCount "73"]
[EventDate "2013.07.06"]
[EventType "swiss"]
[EventRounds "9"]
[EventCountry "SVK"]
[SourceTitle "CBM 155 Extra"]
[Source "ChessBase"]
[SourceDate "2013.08.26"]
[SourceVersion "1"]
[SourceVersionDate "2013.08.26"]
[SourceQuality "1"]

1. e4 e5 2. Nf3 Nc6 3. Bc4 Bc5 4. d3 h6 5. c3 Nf6 6. 0-0 d6 7. h3 0-0 8. b4 Bb6 9. a4 a6 10. Qb3 Qe7 11. a5 Ba7 12. Be3 Be6 13. Nbd2 Bxc4 14. Qxc4 Qe6 15. Rfe1 Rfe8 16. Nh4 Qxc4 17. Nxc4 d5 18. exd5 Nxd5 19. Bd2 Rad8 20. Nf3 f6 21. Rad1 Kf7 22. g4 Rd7 23. Nb2 Red8 24. h4 b6 25. axb6 Bxb6 26. g5 hxg5 27. hxg5 a5 28. b5 Na7 29. gxf6 gxf6 30. c4 Nb4 31. Bxb4 axb4 32. Ra1 Nc8 33. Ra4 Bc5 34. Kf1 Nb6 35. Ra6 Rh8 36. Ke2 Re8 37. Kf1 1/2-1/2

[Event "SVK-ch op"]
[Site "Banska Stiavnica"]
[Date "2013.07.08"]
[Round "3"]
[White "Hudec, Timotej"]
[Black "Pesztericz, Laszlo"]
[Result "0-1"]
[WhiteElo "1644"]
[BlackElo "2132"]
[PlyCount "124"]
[EventDate "2013.07.06"]
[EventType "swiss"]
[EventRounds "9"]
[EventCountry "SVK"]
[SourceTitle "CBM 155 Extra"]
[Source "ChessBase"]
[SourceDate "2013.08.26"]
[SourceVersion "1"]
[SourceVersionDate "2013.08.26"]
[SourceQuality "1"]

1. e4 e5 2. Nf3 Nc6 3. Bb5 a6 4. Ba4 Nf6 5. 0-0 Be7 6. Re1 b5 7. Bb3 0-0 8. c3 d5 9. exd5 Nxd5 10. d4 exd4 11. Nxd4 Nxd4 12. cxd4 Bb7 13. Nc3 Nf6 14. Qe2 Bb4 15. a3 Ba5 16. Be3 Re8 17. Rac1 Qd7 18. h3 Rad8 19. Red1 h6 20. Qc2 Ne4 21. Nxe4 Bxe4 22. Qc5 Bb6 23. Qc3 Qd6 24. Bc2 Qg6 25. Bxe4 Qxe4 26. Qd3 Qd5 27. b4 Re6 28. Rd2 Rg6 29. g3 Qf3 30. Kh2 h5 31. Bf4 Qxd3 32. Rxd3 Rxd4 33. Rxd4 Bxd4 34. Rxc7 Bxf2 35. Rc8+ Kh7 36. Rc7 Rf6 37. Rc2 Bb6 38. Rd2 h4 39. Kg2 hxg3 40. Kxg3 Re6 41. Rd3 Kg6 42. Kg4 Kf6 43. Rf3 Ke7 44. Bg5+ f6 45. Bf4 g6 46. h4 Kf7 47. Bc1 Re4+ 48. Kg3 Bc7+ 49. Kh3 Be5 50. Bd2 Ke6 51. Bc3 f5 52. Bxe5 Kxe5 53. Rc3 Rc4 54. Rg3 Rc6 55. h5 gxh5 56. Kh4 Ke4 57. Kxh5 f4 58. Rg8 Rf6 59. Kg4 f3 60. Re8+ Kd3 61. Rd8+ Kc3 62. Rd1 f2 0-1